Therians vs Furries - Statistics

General Stats
  • This quiz has been taken 108 times
  • The average score is 12 of 15
Answer Stats
Question Answer % Correct
Most often known to wear large animal suits Furry
97%
Smaller amount of people Therian
94%
Is a fandom Furry
93%
Most often known to do quadrobics Therian
93%
Biggest portion of personas are blue canines Furry
90%
Has conventions Furry
88%
Larger amount of people Furry
88%
Identifies as an animal on any level Therian
84%
Interest in anthropomorphic animals Furry
81%
Known to make animal face masks Therian
81%
Created in the 1970s Furry
78%
Has howls/meetups Therian
76%
Makes an animal persona Furry
74%
Named in 1994 Therian
57%
Is a community Therian
41%
No matching quizzes found
Score Distribution
Percent of People with Each Score
Percentile by Number Answered
Your Score History
You have not taken this quiz